| 000 | 00789nam a2200217Ia 4500 | ||
|---|---|---|---|
| 003 | GCL | ||
| 008 | 140319s9999 xx 000 0 ara d | ||
| 020 | _a3040209977 | ||
| 040 |
_aGCL / _cGCL |
||
| 082 | 0 | 4 |
_a219.9 _bي ص |
| 100 | 1 | _aيوسف القرضاوى | |
| 245 | 1 | 0 |
_aالصحوة الاسلامية وهموم الوطن العربى والإسلامى / _cيوسف القرضاوى |
| 250 | _aالثانية | ||
| 260 |
_aالقاهرة : _bدار الشروق ، _c2006 |
||
| 300 |
_a168 ص ؛ _c24 سم |
||
| 650 | 0 | 4 | _aالاسلام والمجتمع |
| 650 | 0 | 4 | _aالاسلام والاصلاح الدينى |
| 650 | 0 | 4 | _aالاسلام - دفع مطاعن |
| 650 | 0 | 4 | _aالاسلام - حركات الاحياء والاصلاح والتجديد |
| 942 |
_2ddc _cBK |
||
| 999 |
_c9568 _d9568 |
||